|
|
|
|
| LEADER |
02196cam a2200325Ia 4500 |
| 001 |
9780203479384 |
| 003 |
FlBoTFG |
| 005 |
20091230162919.0 |
| 006 |
a|||||s||||||||||| |
| 007 |
cr|||| |
| 008 |
040115s2004 enka sb 001 0 eng d |
| 020 |
|
|
|a 9780203479384 (e-book : PDF)
|
| 040 |
|
|
|a FlBoTFG
|c FlBoTFG
|d GrThAP
|
| 043 |
|
|
|a a-ko---
|
| 090 |
|
|
|a KPA470
|b .L44 2004
|
| 092 |
|
|
|a 340.3095195
|b L496
|
| 245 |
0 |
0 |
|a Legal reform in Korea
|h [electronic resource] /
|c edited by Tom Ginsburg.
|
| 260 |
|
|
|a London ;
|a New York :
|b RoutledgeCurzon,
|c 2004.
|
| 300 |
|
|
|a xi, 236 p. :
|b ill.
|
| 490 |
1 |
|
|a RoutledgeCurzon advances in Korean studies ;
|v 5
|
| 504 |
|
|
|a Includes bibliographical references (p. [216]-229) and index.
|
| 505 |
0 |
|
|a Introduction : the politics of legal reform in Korea / Tom Ginsburg -- The Korean Constitutional Court, judicial activism, and social change / Lim Jibong -- The paralysis of legal education in Korea / Yoon Dae-Kyu -- The prosecution of corruption in South Korea : achievements, problems, and prospects / David T. Johnson -- Korean criminal law and democratization / Cho Kuk -- The emergence of formalized intermediate norms in Korea : the case of sexual harassment / Choi Dae-Kwon -- A look at Korean corporate codes of conduct / Craig P. Ehrlich and Kang Dae-Seob -- Epistemological conflicts and institutional impediments : the rocky road to corporate bankruptcy reforms in Korea / Terence C. Halliday and Bruce G. Carruthers -- Korean labor law reform : evaluation and future prospects / Kim Soh-Yeong -- Controlling foreign migrant workers in Korea / Lee Jae-Hyup -- The unfulfilled promise of Korean telecommunications reform / Christopher S. Yoo -- Negotiating values and law : environmental dispute resolution in Korea / Lee Jae-Hyup.
|
| 530 |
|
|
|a Also available in print edition.
|b CRC Press (http://www.crcpress.com)
|
| 538 |
|
|
|a Mode of access: World Wide Web.
|
| 650 |
|
0 |
|a Law reform
|z Korea (South)
|
| 655 |
|
7 |
|a Electronic books.
|2 lcsh
|
| 700 |
1 |
|
|a Ginsburg, Tom.
|
| 776 |
1 |
|
|z 9780415341004
|
| 830 |
|
0 |
|a RoutledgeCurzon advances in Korean studies ;
|v 5.
|
| 856 |
4 |
0 |
|u http://www.tandfebooks.com/isbn/9780203479384
|z Full Text via HEAL-Link
|